<?xml version="1.0" encoding="UTF-8"?>
<record
    xmlns:xsi="http://www.w3.org/2001/XMLSchema-instance"
    xsi:schemaLocation="http://www.loc.gov/MARC21/slim http://www.loc.gov/standards/marcxml/schema/MARC21slim.xsd"
    xmlns="http://www.loc.gov/MARC21/slim">

  <leader>00718nas1a22002291i 4500</leader>
  <controlfield tag="001">RU\NLR\Per\655841</controlfield>
  <controlfield tag="005">20260408192440.0</controlfield>
  <datafield tag="035" ind1=" " ind2=" ">
    <subfield code="a">(NLR Aleph) 002905032</subfield>
  </datafield>
  <datafield tag="090" ind1=" " ind2=" ">
    <subfield code="a">3486712</subfield>
    <subfield code="c">3486712</subfield>
  </datafield>
  <datafield tag="100" ind1=" " ind2=" ">
    <subfield code="a">20100204a20049999|||y0rusy50      ca</subfield>
  </datafield>
  <datafield tag="101" ind1="0" ind2=" ">
    <subfield code="a">rus</subfield>
  </datafield>
  <datafield tag="102" ind1=" " ind2=" ">
    <subfield code="a">RU</subfield>
  </datafield>
  <datafield tag="110" ind1=" " ind2=" ">
    <subfield code="a">ah|||||||||</subfield>
  </datafield>
  <datafield tag="200" ind1="1" ind2=" ">
    <subfield code="a">&#x419;&#x43E;&#x440;&#x43A;&#x438;</subfield>
    <subfield code="e">&#x442;&#x432;&#x43E;&#x44F; &#x441;&#x43E;&#x431;&#x430;&#x43A;&#x430; - &#x442;&#x432;&#x43E;&#x439; &#x441;&#x442;&#x438;&#x43B;&#x44C;</subfield>
  </datafield>
  <datafield tag="210" ind1=" " ind2=" ">
    <subfield code="a">[&#x41C;&#x43E;&#x441;&#x43A;&#x432;&#x430;]</subfield>
    <subfield code="c">&#x419;&#x43E;&#x440;&#x43A;&#x438;</subfield>
    <subfield code="d">2005 -</subfield>
  </datafield>
  <datafield tag="606" ind1=" " ind2=" ">
    <subfield code="a">&#x419;&#x43E;&#x440;&#x43A;&#x448;&#x438;&#x440;&#x441;&#x43A;&#x438;&#x435; &#x442;&#x435;&#x440;&#x44C;&#x435;&#x440;&#x44B;</subfield>
    <subfield code="j">&#x41F;&#x435;&#x440;&#x438;&#x43E;&#x434;&#x438;&#x447;&#x435;&#x441;&#x43A;&#x438;&#x435; &#x438;&#x437;&#x434;&#x430;&#x43D;&#x438;&#x44F;</subfield>
    <subfield code="3">RU\NLR\AUTH\661300508</subfield>
    <subfield code="9">2160959</subfield>
  </datafield>
  <datafield tag="686" ind1="1" ind2=" ">
    <subfield code="a">&#x41F;673,39&#x439;&#x43E;&#x440;&#x43A;&#x448;&#x438;&#x440;&#x441;&#x43A;&#x438;&#x439; &#x442;&#x435;&#x440;&#x44C;&#x435;&#x440; &#x44F;52</subfield>
  </datafield>
  <datafield tag="852" ind1=" " ind2=" ">
    <subfield code="a">NLR</subfield>
    <subfield code="j">&#x41F;14/1203</subfield>
  </datafield>
  <datafield tag="942" ind1=" " ind2=" ">
    <subfield code="c">JOURNAL</subfield>
  </datafield>
  <datafield tag="980" ind1=" " ind2=" ">
    <subfield code="a">RUSPER</subfield>
  </datafield>
</record>
